| 000 | 00435nam a2200145Ia 4500 | ||
|---|---|---|---|
| 008 | 220217s9999 xx 000 0 und d | ||
| 100 | _aPreetha, K. | ||
| 245 | 0 | _aDevelopment of Diaphram for Oxygen cylinder | |
| 260 |
_bCalicut University _a Kozhikode _c2008 |
||
| 300 | _a24 | ||
| 500 | _aCourse: M.Sc. | ||
| 700 | _aTechnical Consultancy Division, Rubber Board | ||
| 850 | _aSree Vyasa N.S.S. College, Vadakancherry | ||
| 942 | _cTS | ||
| 999 |
_c74541 _d74541 |
||